000 00450nam a2200181Ia 4500
001 16738
005 20260306170332.0
008 260306t2018||||xx |||||||||||||| ||und||
041 _aESP
082 _a349.74
_bF35
100 _aFeinman, Jay M.
_eAUT
245 0 _aLaw 101:
_beverything you need to know about American law
260 _c2018
300 _a361 páginas :
_c25 cm.
650 _aGEN
654 _aCDE
942 _cLIB
_dJUS
_fJUS
_2ddc
_n
999 _c16738
_d16738